| 000 | 00736nam a2200181Ia 4500 | ||
|---|---|---|---|
| 008 | 090123s9999 xx 000 0 und d | ||
| 082 | _b11253 | ||
| 100 | _aवारवारकर दि.गो. | ||
| 245 | _aमहाराष्ट्र दर्शन क्रिडा दर्शन | ||
| 250 | _a1 | ||
| 260 |
_bअतुल बुक एजन्सी प्रकाशन _c1986 |
||
| 300 | _a55 | ||
| 600 | _aवारवारकर दि.गो. | ||
| 630 | _aमहाराष्ट्र दर्शन क्रिडा दर्शन | ||
| 700 | _aवारवारकर दि.गो. | ||
| 730 | _aमहाराष्ट्र दर्शन क्रिडा दर्शन | ||
| 942 | _cBOOK | ||
| 999 |
_c49316 _d49316 |
||